Arbitration under international investment agreements : (Record no. 65862)
[ view plain ]
| 000 -LEADER | |
|---|---|
| fixed length control field | 03431cam a2200325 i 4500 |
| 003 - CONTROL NUMBER IDENTIFIER | |
| control field | EG-GICUC |
| 005 - DATE AND TIME OF LATEST TRANSACTION | |
| control field | 20260309081655.0 |
| 008 - FIXED-LENGTH DATA ELEMENTS--GENERAL INFORMATION | |
| fixed length control field | 091112s2010 nyu frb 001 0 eng d |
| 020 ## - INTERNATIONAL STANDARD BOOK NUMBER | |
| International Standard Book Number | 9780195340693 |
| Qualifying information | hbk. : alk. paper |
| 020 ## - INTERNATIONAL STANDARD BOOK NUMBER | |
| International Standard Book Number | 0195340698 |
| Qualifying information | hbk. : alk. paper |
| 040 ## - CATALOGING SOURCE | |
| Original cataloging agency | DLC |
| Transcribing agency | DLC |
| Modifying agency | YDX |
| -- | UKM |
| -- | YDXCP |
| -- | BWX |
| -- | RCJ |
| -- | CDX |
| -- | UCDLL |
| -- | DLC |
| -- | EG-GICUC |
| Language of cataloging | eng |
| Description conventions | rda |
| 050 00 - LIBRARY OF CONGRESS CALL NUMBER | |
| Classification number | K3830 |
| Item number | .A734 2010 |
| 082 00 - DEWEY DECIMAL CLASSIFICATION NUMBER | |
| Classification number | 347.224 |
| Edition number | 21 |
| 092 04 - LOCALLY ASSIGNED DEWEY CALL NUMBER (OCLC) | |
| Edition number | 21 |
| 099 ## - LOCAL FREE-TEXT CALL NUMBER (OCLC) | |
| Classification number | Law 12 2010 |
| 245 00 - TITLE STATEMENT | |
| Title | Arbitration under international investment agreements : |
| Remainder of title | a guide to the key issues / |
| Statement of responsibility, etc. | edited by Katia Yannaca-Small. |
| 264 ## - PRODUCTION, PUBLICATION, DISTRIBUTION, MANUFACTURE, AND COPYRIGHT NOTICE | |
| Place of production, publication, distribution, manufacture | New York : |
| Name of producer, publisher, distributor, manufacturer | Oxford University Press, |
| Date of production, publication, distribution, manufacture, or copyright notice | 2010. |
| 300 ## - PHYSICAL DESCRIPTION | |
| Extent | xxii, 767 pages ; |
| Dimensions | 27 cm. |
| 336 ## - CONTENT TYPE | |
| Content type term | text |
| Source | rdacontent |
| 337 ## - MEDIA TYPE | |
| Media type term | Computer |
| Source | rdamedia |
| 338 ## - CARRIER TYPE | |
| Carrier type term | Online Resource |
| Source | rdacarrier |
| 504 ## - BIBLIOGRAPHY, ETC. NOTE | |
| Bibliography, etc. note | Includes bibliographical references and index. |
| 505 0# - FORMATTED CONTENTS NOTE | |
| Formatted contents note | Bilateral investment treaties and investment provisions in regional trade agreements : recent developments in investment rulemaking / Roberto Echandi -- The energy Charter Treaty / Emmanuel Gaillard, Mark McNeill -- International dispute settlement mechanisms : choosing between institutionally supported and Ad Hoc ; and between institutions / Ucheora Onwuamaegbu -- An overview of procedure in an investment treaty arbitration / Barton Legum -- The initiation of proceedings and constitution of tribunals in investment treaty arbitrations / Antonio Parra -- Bi-trifurcation of investment disputes / Baiju S. Vasani -- Piercing the veil of confidentiality : the recent trend towards greater public participation and transparency in investor-state arbitration / Andrea Menaker -- "Equality of arms" in investment arbitration : procedural challenges / Thomas Wälde -- The law applicable in investment treaty arbitration / Yas Banifatemi -- Who is entitled to claim? Nationality challenges / Katia Yannaca-Small -- Definition of "investment" : an open-ended search for a balanced approach / Katia Yannaca-Small -- Burden of proof regarding jurisdiction / Baiju S. Vasani and Timothy L. Foden -- Attribution / Georgios Petrochilos -- Breach of treaty claims and breach of contract claims : is it still unknown territory? / Stanimir Alexandrov -- The MFN clause : what are its limits? / Abby Cohen Smutny, Lee Steven -- Fair and equitable treatment standard / Katia Yannaca-Small -- The national treatment obligation / Andrea Bjorklund -- Indirect expropriation and the right to regulate : how to draw the line / Katia Yannaca-Small -- What about this "umbrella clause"? / Katia Yannaca-Small -- Interim relief in international investment agreements / Gabrielle Kaufmann-Kohler, Aurélia Antonietti -- Damages in investment treaty arbitration / Meg Kinnear -- Compensation : a closer look at cases awarding damages for violation of the fair and equitable treatment standard / Kaj Hobér -- Annulment of ICSID awards : limited scope but is there potential? / Katia Yannaca-Small -- Review of investment treaty awards by municipal courts / Kaj Hobér, Nils Eliasson -- Enforcement of investment awards / August Reinisch --The role of precedent in investment arbitration / Jan Paulsson. |
| 650 #0 - SUBJECT ADDED ENTRY--TOPICAL TERM | |
| Topical term or geographic name entry element | Investments, Foreign |
| General subdivision | Law and legislation. |
| 650 #0 - SUBJECT ADDED ENTRY--TOPICAL TERM | |
| Topical term or geographic name entry element | International commercial arbitration. |
| 700 1# - ADDED ENTRY--PERSONAL NAME | |
| Personal name | Yannaca-Small, Katia. |
| 856 40 - ELECTRONIC LOCATION AND ACCESS | |
| Uniform Resource Identifier | <a href="https://fll.law.cu.edu.eg/fulltext/bks/ENGB12-00066.pdf">https://fll.law.cu.edu.eg/fulltext/bks/ENGB12-00066.pdf</a> |
| 905 ## - Cataloger and Reviser Names | |
| Cataloger Name: | Hend El khosy |
| 942 ## - ADDED ENTRY ELEMENTS (KOHA) | |
| Source of classification or shelving scheme | Dewey Decimal Classification |
| Koha item type | Books |
| Edition | 21 |
| Suppress in OPAC | No |
| Withdrawn status | Lost status | Source of classification or shelving scheme | Damaged status | Not for loan | Collection | Home library | Current library | Date acquired | Total checkouts | Full call number | Barcode | Date last seen | Copy number | Price effective from | Koha item type | Public note |
|---|---|---|---|---|---|---|---|---|---|---|---|---|---|---|---|---|
| Dewey Decimal Classification | القانون الدولي الخاص | جــــامعة القــاهرة | مكتبة كلية الحقوق - فـرع الشيخ زايد | 09.03.2026 | Law2 12 347.224 AR 2010 1200066 C1 | ENGB12-00066 | 09.03.2026 | 1 | 09.03.2026 | Books | 1763 |